000 006030000a22001810004500
999 _c54154
_d54154
001 768714001
003 CO-MdFUSB
005 20170814103422.0
008 170814s2000 xxu||||| |||| 00| 0 eng d
022 _a0098-9444
040 _aCO-MdFUSB
_bspa
_cCO-MdFUSB
_dCO-MdFUSB
041 _aeng
245 1 0 _aAgainst the tide :
_ban interview with maverick scholar Cyrus Gordon
300 _aVolumen 26. Número 6 (2000), Páginas 52-63
_c28 cm.
546 _aTexto en inglés
773 0 _tBiblical Archaeology Review
_049395
_959471
_gVolumen 26. Número 6 (2000), Páginas 52-63
_qPágina 52
942 _cANA